Robot Wars Series 1 Competitors UK Quiz Stats

 Plays Quiz not verified by Sporcle

Support Sporcle.
Go Orange.
Score 0/36 Timer 05:00
0 Plays Today
Robot % Correct
Roadblock
94.8%
Killertron
89.7%
Robot The Bruce
89.7%
Cunning Plan
87.9%
Nemesis
86.2%
Recyclopse
86.2%
Bodyhammer
84.5%
T.R.A.C.I.E.
84.5%
Grunt
81%
Mortis
81%
Barry
79.3%
Cruella
74.1%
Eubank the Mouse
72.4%
Shogun
70.7%
WYSIWYG
69%
Psychosprout
69%
Detonator
65.5%
Wedgehog
65.5%
Robot % Correct
Demolisher
65.5%
Leighbot
63.8%
Plunderbird 1
63.8%
Uglybot
62.1%
Dreadnaut
62.1%
Prince of Darkness
62.1%
Bugs
58.6%
SAT’arn
58.6%
Elvis
58.6%
Scrapper
56.9%
Krayzee Tokyo
55.2%
REALI-T
55.2%
Skarab
53.4%
The Blob
53.4%
Vector of Armageddon
48.3%
Torque of the Devil
46.6%
Wharthog
44.8%
Full Metal Anorak
37.9%

You're not logged in!

Compare scores with friends on all Sporcle quizzes.
OR
Log In

From the Vault

Company Mascot Blitz

by Thebiguglyalien

Some mascots are creepier than others.
Remove Ads.
Support Sporcle.
Get the best of Sporcle when you Go Orange. This ad-free experience offers more features, more stats, and more fun while also helping to support Sporcle. Thank you for becoming a member.

Show Comments

Extras

Top Quizzes Today


Score Distribution

Your Account Isn't Verified!

In order to create a playlist on Sporcle, you need to verify the email address you used during registration. Go to your Sporcle Settings to finish the process.

Report this User

Report this user for behavior that violates our Community Guidelines.

Details: